Datum a čas kvízu
23.5
Celkem bodů
Celkový počet nahraných bodů na tomto kvízu bez doplňovacích otázek.
9.
Pořadí na kvízu
Konečné umístění týmu na tomto kvízu.
Zaznamenané odpovědi
| # | Otázka | Odpověď | Body | Výsledky |
|---|---|---|---|---|
| 1. | Na okraji Českého ráje začala... | vrtulník | 0 | |
| 2. | Která z asijských zemí si vůbe... | Japonsko; Irsko | 0 | |
| 3. | V pondělí 21. října byla v pra... | o Martina Dejdara | 0 | |
| 4. | Počátkem týdne jsme se dozvědě... | v Dánsku | 0 | |
| 5. | Minulý týden proběhl v indonés... | sportovní gymnastika | 0 | |
| 6. | Dnešní zeměpisné téma otevírám... | Golčův Jeníkov, Gmünd | 1 | |
| 7. | Které z následujících tvrzení... | B | 0 | |
| 8. | V další otázce bude vaším úkol... | 1B 2D 3A 4C | 0 | |
| 9. | Napište název města obsahující... | Nagasaki | 1 | |
| 10. | V této koláži jsou spojené vla... | Gruzie, Guatemala | 0.5 |